000 00915cam a22002411i 4500
003 SA-RiAUC
005 20250828062546.0
008 250824s1989 ua g 00000 ara c
040 _aSA-RiKAPL
_bara
_cSA-RiAUC
_erda
072 0 _a020
082 0 4 _a214
090 _a214
_bو ز ي
100 1 _aالوزير، إبراهيم بن علي
_eمؤلف.
245 1 0 _aعلى مشارف القرن الخامس عشر الهجري :
_bدراسة للسنن الإلهية والمسلم المعاصر /
_cإبراهيم بن علي الوزير.
264 1 _aالقاهرة :
_bدار الشروق،
_c1989
300 _a174 صفحة ؛
_c25 سم
336 _aنص
_btxt
_2rdacontent
_3كتاب
337 _aبدون وسيط
_bn
_2rdamedia
338 _aمجلد
_bnc
_2rdacarrier
650 7 _aالثقافة الإسلامية
_2aucsh
942 _2ddc
_cBOOK
_n0
949 _aSA-JeALM
_d250824
_umohamedma123
_n1
999 _c11232
_d11232